Guess the One Direction song with no hints #6 - Statistics

General Stats
  • This quiz has been taken 3,117 times
  • The average score is 139 of 251
Answer Stats
Answer % Correct
I
99%
you
98%
you,
98%
a
97%
And
86%
and
86%
The
86%
the
86%
me
83%
on
73%
it
71%
no
71%
No
71%
don't
69%
In
69%
in
69%
where
69%
my
68%
are
65%
I'm
64%
Oh,
64%
oh,
64%
oh
64%
of
63%
all
61%
Her
59%
this
59%
can't
56%
night
55%
up
55%
Just
54%
just
54%
it's
53%
got
51%
not
51%
get
47%
wanna
47%
could
46%
Heart
46%
yours,
46%
I've
45%
down,
44%
care
42%
care,
42%
eyes
42%
here
42%
here,
42%
day
40%
enough
40%
stay
40%
control,
39%
control
39%
right
38%
anymore
37%
Beside
37%
gun
37%
lay
37%
loaded
37%
Waking
37%
closed,
34%
closed
34%
contain
34%
obvious
34%
Powerless
33%
Sweet
32%
away
31%
coffee
29%
cup
29%
Lost
29%
before
28%
burn
28%
pedal's
28%
senses
28%
sour
28%
Still
28%
Taste
28%
lipstick's
27%
pillowcase
27%
count
26%
heat
26%
hours
26%
tongue
26%
fingerprint
25%
holding
25%
innocence
25%
Stained
25%
trace
25%
wash
25%
Lying
24%
perfume's
23%
defenseless
20%
ransom
20%
Chorus
18%
devoured
16%
Bridge
14%
No matching quizzes found
Score Distribution
Percent of People with Each Score
Percentile by Number Answered
Your Score History
You have not taken this quiz